Selekcjonerzy reprezentacji Portugalii - nagła śmierć - Statystyki

Ogólne statystyki
  • Ten quiz został rozwiązany 41 razy
  • Średni wynik to 4 z 6
Answers on the Grid
Answers color-coded by a green-red scale on the quiz's grid according to % correct below.
Fernando Santos
Gareth Southgate
Roberto Martínez
Diego Simeone
José Mourinho
Paulo Bento
Cristiano Ronaldo
Carlos Queiróz
Quique Setién
Luiz Felipe Scolari
Artur Jorge
Luis Enrique
 
Statystyki odpowiedzi
Odpowiedź % Poprawnych
Fernando Santos
97%
Roberto Martínez
74%
Paulo Bento
71%
Carlos Queiróz
66%
Luiz Felipe Scolari
61%
Artur Jorge
58%
Nie znaleziono quizów pasujących do podanych kryteriów
Rozkład punktacji
Procent ludzi z każdym wynikiem
Percentyl według liczby udzielonych odpowiedzi
Twoja historia wyników
Nie rozwiązałeś tego quizu